000
00344nam a2200133Ia 4500
008
231129s9999||||xx |||||||||||||| ||spa||
020
_a
91-7702-105-3
040
_b
spa
082
_a
(i) 808.068543 D726a
100
_a
Doumerc Beatriz
245
0
_a
Aserrin aserran
264
_a
Nordan
942
_2
ddc
_c
BKS
999
_c
5674
_d
5674